The time for decision / (Record no. 184862)
[ view plain ]
| 000 -LEADER | |
|---|---|
| fixed length control field | 00853 a2200181 4500 |
| 003 - CONTROL NUMBER IDENTIFIER | |
| control field | Nust |
| 005 - DATE AND TIME OF LATEST TRANSACTION | |
| control field | 20230306101609.0 |
| 040 ## - CATALOGING SOURCE | |
| Transcribing agency | Nust |
| 082 ## - DEWEY DECIMAL CLASSIFICATION NUMBER | |
| Classification number | 320,WEL |
| 100 ## - MAIN ENTRY--PERSONAL NAME | |
| Personal name | Sumner Welles |
| 9 (RLIN) | 109777 |
| 245 ## - TITLE STATEMENT | |
| Title | The time for decision / |
| Statement of responsibility, etc. | Sumner Welles |
| 260 ## - PUBLICATION, DISTRIBUTION, ETC. | |
| Place of publication, distribution, etc. | London |
| Name of publisher, distributor, etc. | Hamish |
| Date of publication, distribution, etc. | 1944 |
| 300 ## - PHYSICAL DESCRIPTION | |
| Extent | 332 p |
| 505 ## - FORMATTED CONTENTS NOTE | |
| Formatted contents note | It Might Have Been (Page-7), The Tragic Years (Page-36), My Mission to Europe (Page-61), From Defensive to Offensive (Page-119), The Good Neighbor Policy (Page-146), The area of Discord (Page-190), The Japanese Thereat and the Problems of Peace in Asia (Page-212), The Constructive Power of the U.S.S.R (Page-239), The German Menace Can be Ended (Page-261), World Organization (Page-282), The Part we Must Play (Page-299). |
| 600 ## - SUBJECT ADDED ENTRY--PERSONAL NAME | |
| Personal name | Sumner Welles |
| 9 (RLIN) | 109777 |
| 650 ## - SUBJECT ADDED ENTRY--TOPICAL TERM | |
| Topical term or geographic name entry element | Time of Decision |
| 9 (RLIN) | 109778 |
| 942 ## - ADDED ENTRY ELEMENTS (KOHA) | |
| Source of classification or shelving scheme | |
| Koha item type | Book |
| Withdrawn status | Lost status | Source of classification or shelving scheme | Damaged status | Not for loan | Permanent Location | Current Location | Shelving location | Date acquired | Full call number | Barcode | Date last seen | Price effective from | Koha item type | Public note |
|---|---|---|---|---|---|---|---|---|---|---|---|---|---|---|
| Military College of Signals (MCS) | Military College of Signals (MCS) | General Stacks | 12/12/2016 | 320,WEL | MCS29540 | 12/08/2016 | 12/12/2016 | Book | Almirah No.73, Shelf No.4 |
